vufinder Bibliothèque Municipale de Charleval de Provence
Se connecter
« Retourner aux résultats de recherche

Cocktails de petits pots

recettes gourmandes pour bébés à partir de 6 mois

Book Cover
Auteur principal: Elise Morfin
D'autres auteurs: Catherine Bourron-Normand
Support: Livres
Langue: Francais
Publié: 2014 Solar Paris
Genre: Documentaire
Sujets:
Étiquettes: Ajouter
Pas de Tags !

LEADER 01025nam0a2200205 450
001 16820844
010 |a 978-2-263-06573-6  |b br.  |d 12,95 € 
100 |a 20140923d2014 u u0frey01 ba 
101 0 |a fre 
102 |a FR 
200 0 |a Cocktails de petits pots  |e recettes gourmandes pour bébés à partir de 6 mois  |f Elise Morfin, Catherine Bourron-Normand 
207 1 |a   
210 |a Paris  |b 8 rue Garancière.  |c Solar  |d 2014 
215 |a 47 p.  |c illustrations en couleur  |d 16 x 16 cm 
330 |a 34 recettes de plats riches et équilibrés à donner aux enfants dès l'âge de quatre mois (courgette, chèvre et menthe, chou-rave et pomme, poireau et reblochon, melon et citron vert, etc.). Avec des conseils nutritifs et des astuces pour choisir, préparer et conserver les produits. 
700 0 |a Morfin  |b Elise  |4 70 
701 0 |a Bourron-Normand  |b Catherine  |4 70 
900 |a Documentaire 
901 |a Accessible au prêt 
995 |a Bibliothèque  |c Bibliothèque  |f 00156009929845  |h 00156009929845  |k 649.3 MOR  |o p  |q a  |r az  |e Bibliothèque 

Options de recherche

Historique de recherche
Recherche avancée

Trouver plus

Nouveautés

Besoin d'aide ?

Contacter un bibliothécaire